Pokémon - Les attaques de Pachirisu - Statistiques

Statistiques générales
  • Ce quiz a été pris 20 fois
  • Le résultat moyen est 9 sur 15
Statistiques - réponses
Niveaux Types Noms des attaques % Correct
Niveau 13 Électrique Étincelle
100%
Niveau 19 Électrique Frotte-Frimousse
100%
Niveau 9 Fée Charme
88%
Départ Normal Rugissement
88%
Niveau 33 Électrique Cage-Éclair
75%
Niveau 41 Électrique Coup d'Jus
75%
Niveau 5 Normal Vive-Attaque
75%
Niveau 25 Électrique Boule Élek
50%
Niveau 49 Normal Croc de Mort
50%
Niveau 37 Normal Croc Fatal
50%
Niveau 29 Fée Doux Baiser
50%
Niveau 21 Normal Météores
38%
Départ Normal Patience
38%
Niveau 45 Normal Dernier Recours
13%
Niveau 17 Normal Ténacité
13%
Aucun quiz correspondant
Distribution des résultats
% des personnes avec chaque résultat
Percentile par nombre de réponses
Votre historique - résultats
Vous n’avez pas pris ce quiz